Narrativa americana degli anni sessanta /
Guardat en:
| Autor principal: | |
|---|---|
| Format: | Llibre |
| Idioma: | italià |
| Publicat: |
Torino :
ERI,
°1974!
|
| Col·lecció: | Nuovi quaderni ;
13 |
| Matèries: | |
| Etiquetes: |
Sense etiquetes, Sigues el primer a etiquetar aquest registre!
|
MARC
| LEADER | 00000nam a22000007i 4500 | ||
|---|---|---|---|
| 001 | IT\ICCU\SBL\0592313 | ||
| 003 | ItRI | ||
| 005 | 20250801142739.0 | ||
| 008 | 910930s1974 it |||||| ||||| |||||c | ||
| 015 | |2 IT |a 766472 | ||
| 040 | |b ita |c ct | ||
| 041 | 7 | |a ita |2 ISO-639-2 | |
| 082 | |a 813.5 |2 17 | ||
| 082 | |a 813.5 |2 18 | ||
| 100 | 1 | |a Binni, Francesco |0 IT\ICCU\RAVV\011697 |4 aut | |
| 245 | 1 | 0 | |a Narrativa americana degli anni sessanta / |c Francesco Binni. |
| 260 | |a Torino : |b ERI, |c °1974! | ||
| 300 | |a 299 p. ; |c 21 cm. | ||
| 650 | 7 | |a Letteratura narrativa americana |x 1960-1970 |2 scbi | |
| 830 | 0 | |a Nuovi quaderni ; |v 13 |0 IT\ICCU\RAV\0092785 | |
| 942 | |2 ddc |c BK | ||
| 952 | |0 0 |1 0 |2 ddc |4 0 |6 B_SCR03BINFRNAR11 |7 0 |9 7688 |a MI |b MI |d 2012-03-16 |i 5953 |l 0 |o B-SCR03-BINFR-NAR11 |p CDOM5953 |r 2025-07-13 16:28:45 |w 2025-07-13 |x DONO DEL COMUNE DI MILANO |y BK | ||
| 981 | 1 | |6 z01 |a i |b xxxe | |
| 982 | 1 | |6 z01 |a n | |
| 999 | |c 6364 |d 6364 | ||